000 00531 a2200133 4500
082 _aBICSE-2
100 _aHassan Sajid
_993822
245 _aSEECS instant notification system via SMS/MMS
_cHassan Sajid
260 _aIslamabad :
_bNUST School of Electrical Engineering & Computer Science,
_c2009.
300 _av, 45 p. :
_bill. ;
_c27 cm +
_eCD-ROM
500 _aSupervisors : Mr. Mujtaba Haider, Mr. Bilal Saqib, Ms. Shamaila Kiyani.
856 _uhttp://10.250.8.41:8080/xmlui/handle/123456789/10366
942 _cPR
_kBICSE-2 HAS
_2ddc
999 _c10045
_d10045